000 00749nam a2200253Ia 4500
003 GCL
008 140319s9999 xx 000 0 ara d
040 _aGCL /
_cGCL
082 0 4 _a370.732
_bم ف
100 1 _aمحمد صالح سمك
245 1 0 _aفن التدريس للتربية الدينية /
_cمحمد صالح سمك
260 _a[S.N] :
_bمكتبة الانجلوالمصرية ،
_c1978
300 _a958 ص
490 _a
650 0 4 _aطرق التدريس
650 0 4 _aمناهج التعليم
650 0 4 _aالتعليم
650 0 4 _aالتربية
650 0 4 _aالتعليم الدينى
650 0 4 _aمناهج البحث
650 0 4 _aالاجتماع
650 0 4 _aالمدرسون
942 _2ddc
_cBK
999 _c56028
_d56028